| 000 | 00738nam a2200229 4500 | ||
|---|---|---|---|
| 003 | OSt | ||
| 005 | 20240607031210.0 | ||
| 006 | a | ||
| 008 | 240607b |||||||| |||| 00| 0 eng d | ||
| 020 | _a9789713704214 | ||
| 040 |
_aDWCL-Main lib. _cOC |
||
| 082 | _aFil. 004 V834 2012 | ||
| 110 | _aJemma Development Group | ||
| 245 | _aVisual guide : office productivity : MS Word 2010, MS Excel 2010, MS Powerpoint 2010 and MS Outlook 2010 / | ||
| 260 |
_aS.l. : _bJemma Development Group, _cc2012. |
||
| 300 |
_ax, _b414 p. : ill. ; _c25 cm. |
||
| 504 | _aIncludes bibliographical references. | ||
| 650 | _a1. Computers. | ||
| 650 | _a2. Information technology | ||
| 710 | _aJemma Development Group | ||
| 942 |
_2ddc _n0 _cBK - FIL _kFil. |
||
| 999 |
_c345 _d345 |
||